00451nam a22001337a 4500003000400000008004100004082001800045100002600063245013500089260003800224300000900262502001500271650003100286OSt260421b |||||||| |||| 00| 0 eng d a634.421bS48S aSinha, Ramesh Chandra aStudies on the Effect of Poliar Application of Mineral Nutrients on Fruit Development and Quality of Guava (Psidium guajava Linn.) aPusa, SamastipurbRAU, Pusac1989 a90P. bMsc.d1989 aFruit and Fruit Technology